| 000 | 00380pab a2200157 454500 | ||
|---|---|---|---|
| 008 | 180718b1998 xxu||||| |||| 00| 0 eng d | ||
| 100 | _aLafontaine, Oskar | ||
| 245 | _aThe future of German social democracy | ||
| 260 | _c1998 | ||
| 300 | _ap.72-87 | ||
| 362 | _aJan-Feb | ||
| 650 | _aDemocracy - Germany | ||
| 650 | _aDemocracy | ||
| 773 | _aNew Left Review | ||
| 909 | _a37090 | ||
| 999 |
_c37090 _d37090 |
||